| 000 | 00423nam a22001697a 4500 | ||
|---|---|---|---|
| 003 | OSt | ||
| 008 | 250219b |||||||| |||| 00| 0 eng d | ||
| 020 | _a81-86114-55-6 | ||
| 041 | _aeng | ||
| 082 |
_a028.7637 _bALL |
||
| 245 | _aAll India Directory of Engineering Colleges | ||
| 250 | _a8th | ||
| 260 |
_aDelhi: _bStudent Aid Publications, _c1999. |
||
| 300 | _a188p. | ||
| 700 |
_aGian Chand Soni, L _97187 |
||
| 942 | _cBK | ||
| 999 |
_c19413 _d19413 |
||